Loading...
| Fine Arts - Classical Music | 2 | 10.00 | 0% | 350% | 350% |
| History - American | 1 | 0.00 | 0% | 0% | 0% |
| History - European | 2 | 0.00 | 0% | 0% | 0% |
| History - Other | 2 | 5.00 | 0% | 350% | 0% |
| History - World | 1 | 0.00 | 0% | 0% | 0% |
| Literature - American | 1 | 0.00 | 0% | 0% | 0% |
| Literature - British | 1 | 10.00 | 0% | 900% | 0% |
| Literature - European | 1 | 0.00 | 0% | 0% | 0% |
| Literature - World | 5 | 4.00 | 1,620% | 0% | 160% |
| Mythology | 1 | 10.00 | 6,400% | 0% | 0% |
| Other | 1 | 10.00 | 0% | 800% | 0% |
| Philosophy | 1 | 0.00 | 0% | 0% | 0% |
| Religion | 1 | 20.00 | 6,400% | 0% | 800% |
| Science - Biology | 3 | 3.33 | 0% | 233% | 0% |
| Science - Chemistry | 1 | 10.00 | 8,100% | 0% | 0% |
| Science - Other | 3 | 0.00 | 0% | 0% | 0% |
| Social Science | 5 | 10.00 | 3,240% | 520% | 0% |